00544 2200205 4500001002100000005001500021035002000036007000300056008004100059020002200100082001100122084001700133100002800150245005800178250001000236260003800246300002900284650001600313990000900329INLIS00000000000009620170911114817 a0010-0917000082ta170911 1 ind  a978-979-026-077-1 a297.98 a297.98 GHU k0 aGhudadah Abd Fattah Abu1 aKetabahan Para Pencari Ilmu /cAbd Fattah Abu Ghuddah aCet.1 aYogyakarta :bInsan Madani,c2008 a204 hlm ;c13 cm x 20 cm aNovel Islam a1999